00581 a2200193 4500001000700000020002200007040002200029082001900051100005900070245005400129260004300183300000800226362001300234490000600247697001000253942000700263952009800270999001900368135875 a978-85-99264-65-2 cLeonardo Da Vinci a759 K86rbK86r aKOUDELKA, JosefaMCCURRY, SteveaABBASaSEYMOUR, David aReligiõesbColeção Folha Grandes Fotografos bFolha de Sao Pauloc2008aBuenos Aires a32p a20080000 v6 aFotos cBK 00104070a71.1b71.1d2024-03-27l0o759 K86rpO012084r2024-03-27 22:35:33w2024-03-27yBK c135875d135875